[Event "AUT-chT2 (Women) 2122"]
[Site "Austria"]
[Date "2022.03.13"]
[Round "5.2"]
[White "Doersieb, Bianca"]
[Black "Kirschenhofer, Sabine"]
[Result "1-0"]
[WhiteElo "1079"]
[BlackElo "1463"]
[PlyCount "97"]
[EventDate "2021.10.17"]
[EventType "team-tourn"]
[EventRounds "7"]
[EventCountry "AUT"]
[SourceTitle "EXT 2024"]
[Source "ChessBase"]
[SourceDate "2023.10.10"]
[SourceVersion "1"]
[SourceVersionDate "2023.10.10"]
[SourceQuality "1"]
[WhiteTeam "Muehlviertel (W)"]
[BlackTeam "Baden (W) II"]
[WhiteTeamCountry "AUT"]
[BlackTeamCountry "AUT"]

1. e4 e5 2. Nf3 Nf6 3. d3 Nc6 4. Be2 Be7 5. Nc3 0-0 6. 0-0 d6 7. Be3 Ng4 8. h3 Nxe3 9. fxe3 Bf6 10. Nd5 Be6 11. Nxf6+ Qxf6 12. d4 Qg6 13. Kh2 Bd7 14. dxe5 Qxe4 15. exd6 cxd6 16. Qxd6 Rad8 17. Qd3 Qe7 18. Qc3 Rfe8 19. Rae1 Be6 20. Bc4 Bxc4 21. Qxc4 Ne5 22. Nxe5 Qxe5+ 23. Qf4 Qe6 24. Qc7 Rd7 25. Qa5 b6 26. Qf5 Qd6+ 27. Kh1 Red8 28. Rd1 Qxd1 29. Rxd1 Rxd1+ 30. Kh2 Re8 31. Qb5 Kf8 32. Qa6 Rd7 33. Qa3+ Rde7 34. Kg3 Kg8 35. Kf3 g6 36. c4 Kg7 37. c5 bxc5 38. Qxc5 f5 39. g3 Kf6 40. Qd4+ Kf7 41. b4 Re4 42. Qxa7+ R8e7 43. Qc5 Kf6 44. b5 R7e5 45. Qb6+ Re6 46. Qd8+ Ke5 47. b6 Rb4 48. Qc7+ Rd6 49. b7 1-0

[Event "AUT-chT (Women) 1718"]
[Site "Austria"]
[Date "2018.04.08"]
[Round "9.5"]
[White "Kirschenhofer, Sabine"]
[Black "Tarmastin, Laura"]
[Result "1-0"]
[WhiteElo "1548"]
[BlackElo "1867"]
[PlyCount "95"]
[EventDate "2017.11.24"]
[EventType "team-tourn"]
[EventRounds "9"]
[EventCountry "AUT"]
[SourceTitle "EXT 2019"]
[Source "ChessBase"]
[SourceDate "2018.10.10"]
[SourceVersion "1"]
[SourceVersionDate "2018.10.10"]
[SourceQuality "1"]
[WhiteTeam "Dornbirn (W)"]
[BlackTeam "St Veit/Glan (W)"]
[WhiteTeamCountry "AUT"]
[BlackTeamCountry "AUT"]

1. d4 Nf6 2. c4 g6 3. Nf3 Bg7 4. Nc3 d6 5. e4 Nc6 6. d5 Ne5 7. Nxe5 dxe5 8. Be2 0-0 9. 0-0 e6 10. a4 Ne8 11. b3 exd5 12. Ba3 Nd6 13. Qxd5 Be6 14. Qd3 Re8 15. Rfd1 Bf8 16. Qg3 Bd7 17. c5 Nc8 18. Bg4 Nd6 19. cxd6 cxd6 20. Bxd7 Qxd7 21. Nd5 Bg7 22. Rac1 Rec8 23. Qg5 Kf8 24. Qe3 Ke8 25. h3 Rc6 26. Rc3 f6 27. Rdc1 Rac8 28. Nb4 Bh6 29. Qxh6 Rxc3 30. Rxc3 Rxc3 31. Nd5 Qc6 32. Nxc3 Qxc3 33. Bxd6 Kd7 34. Bf8 Qe1+ 35. Kh2 Qxf2 36. Qxh7+ Kc6 37. Qxg6 Kb6 38. Qf5 Qh4 39. b4 Kc7 40. a5 Kd8 41. Bc5 a6 42. Bf2 Qh6 43. Qf3 Ke7 44. Qg4 Kd8 45. Qg8+ Ke7 46. Bc5+ Kd7 47. Qf7+ Kc6 48. Qd5+ 1-0

[Event "AUT-chT (Women) 1718"]
[Site "Austria"]
[Date "2018.04.07"]
[Round "8.1"]
[White "Schloffer, Jasmin Denise"]
[Black "Kirschenhofer, Sabine"]
[Result "1-0"]
[WhiteElo "1962"]
[BlackElo "1548"]
[PlyCount "95"]
[EventDate "2017.11.24"]
[EventType "team-tourn"]
[EventRounds "9"]
[EventCountry "AUT"]
[SourceTitle "EXT 2019"]
[Source "ChessBase"]
[SourceDate "2018.10.10"]
[SourceVersion "1"]
[SourceVersionDate "2018.10.10"]
[SourceQuality "1"]
[WhiteTeam "Mayrhofen/Zillertal (W)"]
[BlackTeam "Dornbirn (W)"]
[WhiteTeamCountry "AUT"]
[BlackTeamCountry "AUT"]

1. d4 d5 2. c4 e6 3. Nc3 c5 4. cxd5 exd5 5. Nf3 cxd4 6. Nxd4 Nf6 7. g3 Be7 8. Bg2 0-0 9. 0-0 Nc6 10. Bg5 h6 11. Be3 Re8 12. Rc1 Bf8 13. Nxc6 bxc6 14. Na4 Bd7 15. Nc5 Bxc5 16. Bxc5 Qa5 17. Qc2 Qb5 18. e3 a6 19. Rfd1 Ne4 20. b4 Nxc5 21. Qxc5 Qxc5 22. Rxc5 Rab8 23. a3 Rbd8 24. Rdc1 Rc8 25. Bf1 Ra8 26. Ra5 Bc8 27. Rxc6 Re6 28. Rxe6 fxe6 29. Rc5 Kf7 30. Bg2 Rb8 31. Kf1 Kf6 32. Ke2 Bd7 33. Kd2 Bb5 34. Bf3 Rd8 35. Be2 Bxe2 36. Kxe2 Rd7 37. Kd3 g6 38. Rc6 Ra7 39. Kd4 Ra8 40. Kc5 h5 41. Kb6 Rf8 42. a4 Rb8+ 43. Ka5 Rb7 44. Rxa6 Rc7 45. b5 Ke7 46. Rc6 Ra7+ 47. Kb4 Kd7 48. a5 1-0